000
00208nam a2200097 a 4500
008
111125s2000|||| d
245
1
0
_a
Hania 96
260
_b
Banoussis
_c
2000
020
_c
100
044
_a
xo
_c
SK
999
_c
19881
_d
19881